Normal view
MARC view
- SOLAR ENERGY-UTILIZATION SOLAR ENERGY
Entry Topical Term
001 - CONTROL NUMBER
- control field: 57400
003 - CONTROL NUMBER IDENTIFIER
- control field: NUST
005 - DATE AND TIME OF LATEST TRANSACTION
- control field: 20210628201921.0
008 - FIXED-LENGTH DATA ELEMENTS
- fixed length control field: 210628|| aca||aabn | a|a d
040 ## - CATALOGING SOURCE
- Original cataloging agency: NUST
- Transcribing agency: NUST
150 ## - HEADING--TOPICAL TERM
- Topical term or geographic name entry element: SOLAR ENERGY-UTILIZATION SOLAR ENERGY
670 ## - SOURCE DATA FOUND
- Source citation: Work cat.: (NUST): ZAREM, A. M,ERWAY, DUANE D 57399, INTRODUCTION TO THE UTILIZATION OF SOLAR ENERGY, 1963
